Normal view MARC view
  • Rolind D. Mckinlay, Danny Causey

Entry Corporate Name

Number of records used in: 1

001 - CONTROL NUMBER

  • control field: 124445

003 - CONTROL NUMBER IDENTIFIER

  • control field: NUST

005 - DATE AND TIME OF LATEST TRANSACTION

  • control field: 20240711144650.0

008 - FIXED-LENGTH DATA ELEMENTS

  • fixed length control field: 240711|| aca||aabn | a|a d

040 ## - CATALOGING SOURCE

  • Original cataloging agency: NUST
  • Transcribing agency: NUST

110 ## - HEADING--CORPORATE NAME

  • Corporate name or jurisdiction name as entry element: Rolind D. Mckinlay, Danny Causey

670 ## - SOURCE DATA FOUND

  • Source citation: Work cat.: (NUST): Muhammad Ali Mazidi 91715, PIC Microcontroller and Embedded Systems, 2013.
© 2023 Central Library, National University of Sciences and Technology. All Rights Reserved.